[Event "TCh-TUR Super League 2023"]
[Site "Ankara TUR"]
[Date "2023.07.20"]
[Round "11.4"]
[Board "4"]
[White "Caglar, Ahmet Ata"]
[Black "Yurtseven, Melih"]
[Result "0-1"]
[BlackTitle "IM"]
[WhiteElo "2111"]
[BlackElo "2329"]
[WhiteTeam "DARUSSAFAKA"]
[BlackTeam "DENIZ SU SATRANC GENCLIK VE"]
[WhiteFideId "6328636"]
[BlackFideId "6312160"]
[EventDate "2023.07.10"]

1. d4 Nf6 2. Nf3 e6 3. Bf4 Be7 4. e3 Nh5 5. Bg3 d6 6. Bd3 Nd7 7. Nbd2 h6 8. Qe2
c5 9. c3 O-O 10. O-O Nxg3 11. hxg3 b6 12. e4 Bb7 13. a4 a6 14. Rfb1 Qb8 15. b4
cxd4 16. cxd4 Rc8 17. b5 axb5 18. Bxb5 Nf6 19. Rc1 d5 20. e5 Ne4 21. Bd3 Nc3 22.
Qe3 Rxa4 23. Rxa4 Nxa4 24. Rb1 Qc7 25. g4 Qd8 26. Ra1 Nb2 27. Ra7 Nxd3 28. Rxb7
Nb4 29. Qa3 Rb8 30. Qa7 Nc6 31. Qa6 Rxb7 32. Qxb7 Na5 33. Qa6 g6 34. g3 Kg7 35.
Kg2 Qc7 36. Qb5 Qc6 37. Qa6 Nc4 38. Qa7 Bd8 39. Nb3 Na5 40. Nbd2 b5 41. Qb8 Qb6
42. Qc8 b4 43. Qd7 b3 44. Qe8 b2 45. Qd7 Nc6 46. Nb1 Bg5 47. Qd6 Qb5 48. Qa3 Bc1
49. Qc3 Qc4 50. Qxc4 dxc4 51. Kf1 Bg5 52. Ke2 Bd8 53. Ke3 Bb6 54. Ke4 Ba5 55.
Ng1 c3 56. Kd3 Nxd4 0-1

[Event "TCh-TUR Super League 2023"]
[Site "Ankara TUR"]
[Date "2023.07.20"]
[Round "11.4"]
[Board "5"]
[White "Salimova, Nurgyul"]
[Black "Fataliyeva, Ulviyya"]
[Result "1-0"]
[WhiteTitle "IM"]
[BlackTitle "IM"]
[WhiteElo "2409"]
[BlackElo "2401"]
[WhiteTeam "DENIZ SU SATRANC GENCLIK VE"]
[BlackTeam "DARUSSAFAKA"]
[WhiteFideId "2915138"]
[BlackFideId "13403052"]
[EventDate "2023.07.10"]

1. c4 Nf6 2. Nc3 e5 3. g3 Bb4 4. Bg2 Bxc3 5. dxc3 d6 6. Qc2 Nc6 7. Nf3 h6 8. Nd2
Be6 9. e4 Qd7 10. Qd3 Bh3 11. Qf1 Bxg2 12. Qxg2 Nd8 13. b3 Ne6 14. Ba3 Qc6 15.
f3 h5 16. h4 Qa6 17. Bb2 Qb6 18. a4 a5 19. O-O-O Nd7 20. Kc2 Ra6 21. Ba3 Qc6 22.
Rb1 Kd8 23. Rhd1 Kc8 24. Nf1 Nec5 25. Ne3 Re8 26. Nd5 Kb8 27. g4 hxg4 28. Qxg4
Ne6 29. Qf5 Rf8 30. h5 Ndc5 31. Rd2 Qe8 32. Qg4 Rh8 33. Rbd1 Nxa4 34. bxa4 Qxa4+
35. Kb2 Rc6 36. Ra1 Qxc4 37. Qg1 a4 38. Qd1 Ra6 39. Bb4 c5 40. Ba3 Nc7 41. Ne3
Rb6+ 42. Kc2 Qb3+ 43. Kd3 Qb5+ 44. Kc2 Rxh5 45. Rb1 Qxb1+ 46. Qxb1 Rxb1 47. Kxb1
Nb5 48. Kb2 Rh3 49. Rf2 g5 50. Nd5 Ka7 51. Ka2 Rg3 52. Bc1 g4 53. c4 Nd4 54.
fxg4 Rxg4 55. Nc3 Rg3 56. Nxa4 Nb3 57. Bd2 Rd3 58. Bc3 Nd4 59. Rxf7 Rf3 60. Rd7
Rf6 61. Bb2 Nc6 62. Nc3 Nd4 63. Nd5 Rg6 64. Ne7 Rg2 65. Nc8+ Kb8 66. Nxd6 Nc6
67. Rxb7+ Ka8 68. Rb5 Rd2 69. Nf5 Re2 70. Kb3 Rxe4 71. Rxc5 Na7 72. Bxe5 Re2 73.
Bd4 Kb7 74. Nd6+ Kb8 75. Nb5 1-0

[Event "TCh-TUR Super League 2023"]
[Site "Ankara TUR"]
[Date "2023.07.20"]
[Round "11.4"]
[Board "6"]
[White "Isik, Alparslan"]
[Black "Erten, Kerem"]
[Result "1-0"]
[WhiteTitle "IM"]
[BlackTitle "CM"]
[WhiteElo "2478"]
[BlackElo "2287"]
[WhiteTeam "DARUSSAFAKA"]
[BlackTeam "DENIZ SU SATRANC GENCLIK VE"]
[WhiteFideId "34506896"]
[BlackFideId "34588221"]
[EventDate "2023.07.10"]

1. d4 Nf6 2. Nf3 g6 3. Bg5 Bg7 4. Nbd2 d5 5. e3 O-O 6. Be2 Nbd7 7. O-O c5 8. c3
Qb6 9. Qb3 cxd4 10. exd4 e6 11. Rfe1 Nb8 12. Ne5 Nc6 13. Bf4 Bd7 14. Nd3 Rfc8
15. Nc5 Na5 16. Qc2 Be8 17. a4 Nc6 18. Ra3 e5 19. Rb3 Qc7 20. Rxb7 Nxd4 21. cxd4
Qxb7 22. Bxe5 Qb6 23. Bf3 Bc6 24. Qc3 a5 25. b3 Re8 26. Rc1 Rac8 27. Nf1 Nd7 28.
Bxg7 Kxg7 29. h4 h5 30. Ng3 Qd8 31. Rd1 Nf6 32. Qd2 Nh7 33. Nd3 Bd7 34. Bxh5
Qxh4 35. Bf3 Qxd4 36. Qxa5 Ng5 37. Bxd5 Bg4 38. Rd2 Qa1+ 39. Nf1 Bf5 40. Bc4
Bxd3 41. Rxd3 Ne6 42. g3 Nc5 43. Rf3 Re7 44. Kg2 Qd4 45. Ne3 Ne4 46. Rf4 Rc5 47.
Qa8 Rce5 48. Bd5 Qd3 49. Qc6 f5 50. Bc4 Qd2 51. Nd5 R5e6 52. Qa8 Rd7 53. Nc7
Rxc7 54. Bxe6 Nxg3 55. Kxg3 Rc3+ 56. Kg2 Qxf4 57. Qg8+ Kf6 58. Qh8+ Kxe6 59.
Qxc3 Qe4+ 60. Qf3 Qc2 61. a5 Qa2 62. Qc6+ Ke5 63. a6 f4 64. Qc5+ Kf6 65. a7 f3+
66. Kg3 Kg7 67. Qe7+ Kh6 68. Qf8+ 1-0

[Event "TCh-TUR Super League 2023"]
[Site "Ankara TUR"]
[Date "2023.07.20"]
[Round "11.5"]
[Board "1"]
[White "Ali Marandi, Cemil Can"]
[Black "Yakubboev, Nodirbek"]
[Result "1-0"]
[WhiteTitle "GM"]
[BlackTitle "GM"]
[WhiteElo "2568"]
[BlackElo "2640"]
[WhiteTeam "BAYEGAN PENDIK"]
[BlackTeam "KARAMAN FUTBOL KULUBU"]
[WhiteFideId "6300529"]
[BlackFideId "14203987"]
[EventDate "2023.07.10"]

1. e4 e5 2. Nf3 Nc6 3. Nc3 Nf6 4. d4 exd4 5. Nxd4 Bb4 6. Nxc6 bxc6 7. Bd3 d6 8.
O-O O-O 9. Bg5 h6 10. Bh4 g5 11. Bg3 Bg4 12. f3 Bh5 13. Qd2 Bg6 14. a3 Bc5+ 15.
Bf2 Nd7 16. Rae1 Bxf2+ 17. Qxf2 Ne5 18. Kh1 Rb8 19. b4 a5 20. bxa5 Ra8 21. a6 c5
22. g3 f5 23. exf5 Nxd3 24. cxd3 Rxf5 25. g4 Rf7 26. Re6 Bxd3 27. Rfe1 Qf8 28.
Kg2 Bxa6 29. Nd5 Bd3 30. Qb2 Rb8 31. Qc3 Rxf3 32. Rf6 Be4 33. Rxf8+ Rbxf8 34.
Rxe4 Rxc3 35. Nxc3 Ra8 36. a4 Kf7 37. Re2 c6 38. Ne4 Ke7 39. Nxg5+ Kd7 40. Nf7 1-0

[Event "TCh-TUR Super League 2023"]
[Site "Ankara TUR"]
[Date "2023.07.20"]
[Round "11.5"]
[Board "2"]
[White "Daneshvar, Bardiya"]
[Black "Murzin, Volodar"]
[Result "0-1"]
[WhiteTitle "GM"]
[BlackTitle "GM"]
[WhiteElo "2577"]
[BlackElo "2623"]
[WhiteTeam "KARAMAN FUTBOL KULUBU"]
[BlackTeam "BAYEGAN PENDIK"]
[WhiteFideId "12576468"]
[BlackFideId "44155573"]
[EventDate "2023.07.10"]

1. Nf3 d5 2. e3 Nf6 3. c4 c6 4. Nc3 e6 5. b3 Bd6 6. Bb2 O-O 7. Qc2 e5 8. cxd5
cxd5 9. Nb5 Nc6 10. Nxd6 Qxd6 11. Rc1 Bg4 12. Qc5 Qe6 13. Qb5 Rfc8 14. Be2 e4
15. Ng5 Bxe2 16. Qxe2 Qf5 17. Nh3 Ne5 18. Rxc8+ Rxc8 19. O-O Rc2 20. Bc3 Rxa2
21. Qb5 Qd7 22. Qb4 Nc6 23. Qb5 Nd4 24. Qb4 Nc2 25. Qc5 b6 0-1

[Event "TCh-TUR Super League 2023"]
[Site "Ankara TUR"]
[Date "2023.07.20"]
[Round "11.5"]
[Board "3"]
[White "Solak, Dragan"]
[Black "Aydincelebi, Kagan"]
[Result "1/2-1/2"]
[WhiteTitle "GM"]
[BlackTitle "FM"]
[WhiteElo "2586"]
[BlackElo "2280"]
[WhiteTeam "BAYEGAN PENDIK"]
[BlackTeam "KARAMAN FUTBOL KULUBU"]
[WhiteFideId "916811"]
[BlackFideId "6361102"]
[EventDate "2023.07.10"]

1. e4 c5 2. Nf3 Nc6 3. Bb5 g6 4. Bxc6 dxc6 5. d3 Bg7 6. h3 e5 7. O-O Qc7 8. a4
a5 9. Nbd2 Ne7 10. Nc4 Be6 11. Be3 b6 12. Nfd2 O-O 13. Qe2 f5 14. exf5 gxf5 15.
f4 Ng6 16. Nxe5 Bxe5 17. fxe5 f4 18. Bf2 f3 19. Nxf3 Nf4 20. Qe3 Qg7 21. Nh4
Nxh3+ 22. Kh2 Nxf2 23. Rxf2 Rxf2 24. Qxf2 Qxe5+ 25. Qg3+ Qxg3+ 26. Kxg3 Kf7 27.
Nf3 Rg8+ 28. Kf2 Bd5 29. Rh1 Kg6 30. Ne5+ Kf6 31. Nf3 Kg6 32. Rh3 Rf8 33. Rg3+
Kf6 34. Rh3 Kg6 35. Rg3+ Kf6 36. Ng5 Ke5+ 37. Ke3 h6 1/2-1/2

[Event "TCh-TUR Super League 2023"]
[Site "Ankara TUR"]
[Date "2023.07.20"]
[Round "11.5"]
[Board "4"]
[White "Makaraci, Tunahan"]
[Black "Koksal, Ege"]
[Result "0-1"]
[BlackTitle "IM"]
[WhiteElo "2296"]
[BlackElo "2321"]
[WhiteTeam "KARAMAN FUTBOL KULUBU"]
[BlackTeam "BAYEGAN PENDIK"]
[WhiteFideId "6356559"]
[BlackFideId "6317626"]
[EventDate "2023.07.10"]

1. e4 c6 2. c4 d5 3. exd5 cxd5 4. cxd5 Qxd5 5. Nc3 Qd8 6. d4 Nf6 7. Nf3 g6 8.
Bc4 Bg7 9. O-O O-O 10. h3 Nc6 11. a3 Bf5 12. Re1 Ne8 13. d5 Na5 14. Ba2 Nd6 15.
Bf4 Nac4 16. Bxc4 Nxc4 17. Qe2 Rc8 18. Ne5 Nd6 19. g4 Bd7 20. Nxd7 Qxd7 21. Qxe7
Rfd8 22. Qh4 Re8 23. Rxe8+ Rxe8 24. Bxd6 Qxd6 25. Rd1 Bf6 26. Qh6 g5 27. Kg2 Qf4
28. d6 0-1

[Event "TCh-TUR Super League 2023"]
[Site "Ankara TUR"]
[Date "2023.07.20"]
[Round "11.5"]
[Board "5"]
[White "Atalik, Ekaterina"]
[Black "Abdulla, Khayala"]
[Result "1/2-1/2"]
[WhiteTitle "IM"]
[BlackTitle "WGM"]
[WhiteElo "2407"]
[BlackElo "2229"]
[WhiteTeam "BAYEGAN PENDIK"]
[BlackTeam "KARAMAN FUTBOL KULUBU"]
[WhiteFideId "4130189"]
[BlackFideId "13401807"]
[EventDate "2023.07.10"]

1. Nf3 c5 2. c4 Nc6 3. g3 g6 4. Nc3 Bg7 5. Bg2 d6 6. O-O Rb8 7. b3 a6 8. Bb2 b5
9. cxb5 axb5 10. Qc1 Nf6 11. Ng5 Bd7 12. Nce4 Nd4 13. Re1 Nxe4 14. Nxe4 O-O 15.
e3 Ne6 16. Bxg7 Nxg7 17. Qb2 Qb6 18. d4 Bc6 19. dxc5 dxc5 20. Qe5 Bxe4 21. Bxe4
Qa7 22. a4 bxa4 23. Rxa4 Qb6 24. Bd5 e6 25. Bc4 Ra8 26. Rxa8 Rxa8 27. Rd1 Nf5
28. Qf6 Qb7 29. Qe5 Qc6 30. Rc1 Rc8 31. Ra1 Qd6 32. Qf6 Qe7 33. Qxe7 1/2-1/2

[Event "TCh-TUR Super League 2023"]
[Site "Ankara TUR"]
[Date "2023.07.20"]
[Round "11.5"]
[Board "6"]
[White "Ipek, Egehan"]
[Black "Nihal, Sarin"]
[Result "0-1"]
[WhiteTitle "FM"]
[BlackTitle "GM"]
[WhiteElo "2258"]
[BlackElo "2688"]
[WhiteTeam "KARAMAN FUTBOL KULUBU"]
[BlackTeam "BAYEGAN PENDIK"]
[WhiteFideId "44523793"]
[BlackFideId "25092340"]
[EventDate "2023.07.10"]

1. d4 e6 2. c4 Nf6 3. Nf3 Bb4+ 4. Bd2 a5 5. g3 O-O 6. Bg2 d5 7. O-O dxc4 8. Qc2
Bxd2 9. Nbxd2 b5 10. a4 c6 11. b3 cxb3 12. Nxb3 Ba6 13. Rfc1 bxa4 14. Nc5 Bb5
15. Nxa4 Nbd7 16. e4 Nb8 17. Nc5 Na6 18. e5 Nd5 19. Nb7 Nab4 20. Qd2 Qb6 21. Nc5
Rad8 22. Ng5 Na6 23. Qxa5 Qxa5 24. Rxa5 Nxc5 25. dxc5 Nc3 26. Rxb5 Nxb5 27. Ne4
Ra8 28. Nd6 Nd4 29. Kf1 Rfb8 30. Be4 Rb4 31. Kg2 g6 32. Nc4 Nb3 33. Rc3 Nxc5 34.
Bf3 Ra6 35. Ne3 Nd7 36. Ng4 Kg7 37. Rxc6 Ra5 0-1

[Event "TCh-TUR Super League 2023"]
[Site "Ankara TUR"]
[Date "2023.07.20"]
[Round "11.6"]
[Board "3"]
[White "Annaberdiyev, Meylis"]
[Black "Durak, Can"]
[Result "1-0"]
[WhiteTitle "GM"]
[BlackTitle "FM"]
[WhiteElo "2496"]
[BlackElo "2310"]
[WhiteTeam "HUKUKCU FENERBAHCELILER SPOR VE KULTUR K"]
[BlackTeam "APAYDIN SATRANC VE"]
[WhiteFideId "14000563"]
[BlackFideId "44552971"]
[EventDate "2023.07.10"]

1. d4 d5 2. c4 e6 3. Nc3 Nf6 4. cxd5 exd5 5. Bg5 c6 6. e3 Be7 7. Bd3 Nbd7 8. Qc2
Nh5 9. Bxe7 Qxe7 10. Nge2 Nb6 11. h3 g6 12. O-O-O Ng7 13. g4 Be6 14. Nf4 O-O-O
15. Kb1 Kb8 16. Ka1 h5 17. Be2 hxg4 18. hxg4 Rh4 19. Ng2 Rxh1 20. Rxh1 Ne8 21.
Nf4 Nf6 22. Qd1 Nc8 23. g5 Ne8 24. Qg1 Ncd6 25. Rh7 Bf5 26. Bd3 Qd7 27. f3 Bxd3
28. Nxd3 Qf5 29. Ne5 Nc7 30. f4 Ne6 31. Qb1 Qxb1+ 32. Kxb1 Nf8 33. Rh8 Ne6 34.
Rh3 Kc7 35. Kc2 a5 36. b3 Rg8 37. Kd3 Kd8 38. Na4 Ke7 39. Nb6 Nf8 1-0

[Event "TCh-TUR Super League 2023"]
[Site "Ankara TUR"]
[Date "2023.07.20"]
[Round "11.6"]
[Board "4"]
[White "Taspinar, Yanki"]
[Black "Huseyinoglu, Alihan"]
[Result "1/2-1/2"]
[WhiteTitle "FM"]
[BlackTitle "IM"]
[WhiteElo "2302"]
[BlackElo "2261"]
[WhiteTeam "APAYDIN SATRANC VE"]
[BlackTeam "HUKUKCU FENERBAHCELILER SPOR VE KULTUR K"]
[WhiteFideId "34561188"]
[BlackFideId "14202875"]
[EventDate "2023.07.10"]

1. d4 Nf6 2. c4 e6 3. Nc3 Bb4 4. Qc2 O-O 5. Nf3 c5 6. dxc5 Na6 7. g3 Nxc5 8. Bg2
Nce4 9. O-O Nxc3 10. bxc3 Be7 11. e4 d6 12. e5 dxe5 13. Nxe5 Qc7 14. Qe2 Nd7 15.
Bf4 Bd6 16. Rfe1 Rb8 17. Rad1 Bxe5 18. Bxe5 Nxe5 19. Qxe5 Qxe5 20. Rxe5 b6 21.
c5 f6 22. cxb6 axb6 23. Rb5 Ba6 24. Rb4 Rfc8 25. Rc1 Bc4 26. a4 Bd5 27. Bf1 Rc5
28. c4 Bc6 29. Ra1 Rb7 30. Bd3 Kf7 31. Kf1 h6 32. Rab1 Ke7 33. Rxb6 Rxb6 34.
Rxb6 Bxa4 35. Ke2 Bd7 36. Ra6 Rc6 37. Ra7 Kd6 38. Kd2 Rc7 39. Ra5 Rc5 40. Ra3
Rc7 41. Kc3 e5 42. h4 Be6 43. Ra4 Bd7 44. Ra5 Rc5 45. Ra1 Rc7 46. Be4 Be6 47.
Ra6+ Kd7 48. Bd3 Rc6 49. Ra5 Kd6 50. Kb4 Rb6+ 51. Rb5 Kc7 52. Be4 Bd7 53. Rxb6
Kxb6 54. Bd5 Bg4 55. f3 Bd7 56. c5+ Kc7 57. Kc4 Be8 58. Kd3 Bg6+ 59. Ke3 Be8 60.
g4 Bg6 61. f4 Bc2 62. fxe5 fxe5 63. Be4 Bb3 64. g5 hxg5 65. hxg5 Bf7 66. Kd3 Be6
67. Kc3 Bd7 68. Kc4 Be6+ 69. Kb5 Bd7+ 70. c6 Be6 71. Kc5 Bb3 72. Bd5 Bc2 73. Bg2
Bb3 74. Bd5 Bc2 75. Bg2 1/2-1/2

[Event "TCh-TUR Super League 2023"]
[Site "Ankara TUR"]
[Date "2023.07.20"]
[Round "11.6"]
[Board "5"]
[White "Caglar, Sila"]
[Black "Buksa, Nataliya"]
[Result "1/2-1/2"]
[WhiteTitle "WIM"]
[BlackTitle "IM"]
[WhiteElo "2235"]
[BlackElo "2365"]
[WhiteTeam "HUKUKCU FENERBAHCELILER SPOR VE KULTUR K"]
[BlackTeam "APAYDIN SATRANC VE"]
[WhiteFideId "6364063"]
[BlackFideId "14123622"]
[EventDate "2023.07.10"]

1. e4 c5 2. Nc3 Nc6 3. Nge2 e6 4. d4 cxd4 5. Nxd4 Nf6 6. Ndb5 d6 7. Bf4 e5 8.
Bg5 a6 9. Bxf6 gxf6 10. Na3 b5 11. Nd5 f5 12. g3 fxe4 13. Bg2 Be6 14. Bxe4 Bg7
15. Qh5 Rc8 16. c3 Ne7 17. Qg5 Nxd5 18. Qxg7 Qf6 19. Qxf6 Nxf6 20. Bb7 Rb8 21.
Bxa6 Bd7 22. c4 b4 23. Nc2 Rb6 24. Bb5 Bxb5 25. cxb5 Rxb5 26. O-O-O Ke7 27. Rhe1
Rc8 28. Kb1 Kd7 29. f4 exf4 30. gxf4 Rc4 31. Re5 Rb6 1/2-1/2

[Event "TCh-TUR Super League 2023"]
[Site "Ankara TUR"]
[Date "2023.07.20"]
[Round "11.6"]
[Board "6"]
[White "Akbas, Umut Ata"]
[Black "Gokcek, Kursat Bugra"]
[Result "1-0"]
[WhiteTitle "IM"]
[BlackTitle "CM"]
[WhiteElo "2401"]
[BlackElo "2160"]
[WhiteTeam "APAYDIN SATRANC VE"]
[BlackTeam "HUKUKCU FENERBAHCELILER SPOR VE KULTUR K"]
[WhiteFideId "44572646"]
[BlackFideId "34507833"]
[EventDate "2023.07.10"]

1. d4 Nf6 2. c4 e6 3. Nc3 d5 4. cxd5 exd5 5. Bg5 Bb4 6. e3 h6 7. Bh4 g5 8. Bg3
h5 9. h4 Ne4 10. Ne2 Bg4 11. f3 Nxg3 12. Nxg3 Be6 13. Qa4+ Nc6 14. Bb5 Bxc3+ 15.
bxc3 Bd7 16. e4 a6 17. Bxc6 Bxc6 18. Qb4 Qf6 19. e5 Qf4 20. Ne2 Qe3 21. Qb2 f6
22. Qd2 Qxd2+ 23. Kxd2 Kf7 24. exf6 Kxf6 25. hxg5+ Kxg5 26. g3 h4 27. Rxh4 Rxh4
28. gxh4+ Kxh4 29. Rg1 Kh5 30. Rg7 Kh6 31. Rxc7 Kg5 32. Rh7 Kg6 33. Rh2 Rf8 34.
Ke3 Kg5 35. Ng3 Re8+ 36. Kf2 Rc8 37. Rh5+ Kg6 38. f4 Bb5 39. f5+ Kg7 40. Rg5+
Kf7 41. Nh5 Rxc3 42. Rg7+ Kf8 43. Rxb7 Bd3 44. Ng7 Kg8 45. Ra7 Be4 46. Ke2 a5
47. f6 Rc6 48. Nh5 Kf8 49. Rxa5 Bg6 50. Ra8+ Kf7 51. Ra7+ Kf8 52. Nf4 Rxf6 53.
Nxd5 Rc6 54. Nf4 Bf7 55. a4 Ke8 56. Ke3 Bb3 57. a5 Kd8 58. d5 Rc1 59. Rb7 Ba4
60. a6 Kc8 61. Rb4 Ra1 62. a7 Bc6 63. Rc4 Rxa7 64. Rxc6+ Kd7 65. Nd3 Ra5 66.
Nc5+ Ke8 67. d6 Ra8 68. Ke4 Rb8 69. Kd5 Kd8 70. Rc7 Rb5 71. Rh7 1-0